[Event "ODJM A 2023"]
[Site "Willingen GER"]
[Date "2023.06.02"]
[Round "8"]
[White "Mehner, Lorenz"]
[Black "Savchenko, Daniel"]
[Result "1/2-1/2"]
[Termination "normal"]
[Board "9"]
[WhiteElo "1681"]
[BlackElo "2104"]
[WhiteClock "00:01:05"]
[BlackClock "00:01:51"]
[PlyCount "67"]
[WhiteFideId "16293096"]
[BlackFideId "12919195"]
[EventCountry "GER"]
[EventRounds "9"]
[EventType "swiss"]
[EventDate "2023.05.27"]

1. d4 {[%clk 01:30:56]} {[%emt 00:00:05]} d5 {[%clk 01:30:51]} {[%emt
00:00:09]} 2. c4 {[%clk 01:31:12]} {[%emt 00:00:13]} e6 {[%clk 01:31:13]}
{[%emt 00:00:08]} 3. Nc3 {[%clk 01:31:32]} {[%emt 00:00:10]} Nf6 {[%clk
01:31:36]} {[%emt 00:00:07]} 4. cxd5 {[%clk 01:31:12]} {[%emt 00:00:51]} exd5
{[%clk 01:31:59]} {[%emt 00:00:06]} 5. Bg5 {[%clk 01:31:35]} {[%emt 00:00:09]}
c6 {[%clk 01:32:21]} {[%emt 00:00:07]} 6. e3 {[%clk 01:31:41]} {[%emt
00:00:23]} Bd6 {[%clk 01:32:42]} {[%emt 00:00:10]} 7. Bd3 {[%clk 01:30:25]}
{[%emt 00:01:46]} O-O {[%clk 01:33:03]} {[%emt 00:00:08]} 8. Qc2 {[%clk
01:29:05]} {[%emt 00:01:50]} h6 {[%clk 01:33:23]} {[%emt 00:00:09]} 9. Bh4
{[%clk 01:28:16]} {[%emt 00:01:21]} Re8 {[%clk 01:33:45]} {[%emt 00:00:08]} 10.
Nge2 {[%clk 01:24:29]} {[%emt 00:04:17]} a5 {[%clk 01:32:24]} {[%emt 00:01:50]}
11. h3 {[%clk 01:02:52]} {[%emt 00:22:07]} Na6 {[%clk 01:26:58]} {[%emt
00:05:57]} 12. a3 {[%clk 01:00:40]} {[%emt 00:02:43]} Nc7 {[%clk 01:27:01]}
{[%emt 00:00:27]} 13. O-O {[%clk 00:56:38]} {[%emt 00:04:32]} Ne6 {[%clk
01:26:27]} {[%emt 00:01:04]} 14. Bg3 {[%clk 00:54:19]} {[%emt 00:02:49]} Ng5
{[%clk 01:21:25]} {[%emt 00:05:32]} 15. Rab1 {[%clk 00:47:24]} {[%emt
00:07:25]} Nh5 {[%clk 01:06:58]} {[%emt 00:14:57]} 16. Bxd6 {[%clk 00:42:40]}
{[%emt 00:05:14]} Qxd6 {[%clk 01:07:22]} {[%emt 00:00:06]} 17. b4 {[%clk
00:42:27]} {[%emt 00:00:42]} axb4 {[%clk 01:03:41]} {[%emt 00:04:11]} 18. axb4
{[%clk 00:41:14]} {[%emt 00:01:44]} Bd7 {[%clk 00:47:54]} {[%emt 00:16:16]} 19.
b5 {[%clk 00:37:47]} {[%emt 00:03:57]} Nf6 {[%clk 00:43:41]} {[%emt 00:06:40]}
20. Ra1 {[%clk 00:24:46]} {[%emt 00:11:35]} Ra3 {[%clk 00:33:37]} {[%emt
00:10:34]} 21. bxc6 {[%clk 00:14:20]} {[%emt 00:10:55]} bxc6 {[%clk 00:33:25]}
{[%emt 00:00:41]} 22. Rxa3 {[%clk 00:13:10]} {[%emt 00:01:42]} Qxa3 {[%clk
00:33:47]} {[%emt 00:00:07]} 23. Na4 {[%clk 00:12:56]} {[%emt 00:00:44]} Nge4
{[%clk 00:24:53]} {[%emt 00:09:25]} 24. Rb1 {[%clk 00:07:56]} {[%emt 00:05:29]}
Nd6 {[%clk 00:13:41]} {[%emt 00:11:42]} 25. Nc5 {[%clk 00:05:32]} {[%emt
00:02:54]} Qa7 {[%clk 00:08:19]} {[%emt 00:05:50]} 26. Nc3 {[%clk 00:03:19]}
{[%emt 00:02:45]} Rb8 {[%clk 00:05:56]} {[%emt 00:02:53]} 27. N3a4 {[%clk
00:02:44]} {[%emt 00:01:04]} Be8 {[%clk 00:05:58]} {[%emt 00:00:29]} 28. Na6
{[%clk 00:01:54]} {[%emt 00:01:19]} Rxb1+ {[%clk 00:05:15]} {[%emt 00:01:13]}
29. Qxb1 {[%clk 00:02:22]} {[%emt 00:00:03]} Nfe4 {[%clk 00:05:18]} {[%emt
00:00:27]} 30. Bxe4 {[%clk 00:01:48]} {[%emt 00:01:03]} Qxa6 {[%clk 00:04:13]}
{[%emt 00:01:36]} 31. Nc5 {[%clk 00:02:07]} {[%emt 00:00:11]} Qb5 {[%clk
00:03:03]} {[%emt 00:01:40]} 32. Bd3 {[%clk 00:01:44]} {[%emt 00:00:52]} Qxb1+
{[%clk 00:02:04]} {[%emt 00:01:30]} 33. Bxb1 {[%clk 00:02:06]} {[%emt
00:00:08]} f5 {[%clk 00:01:51]} {[%emt 00:00:43]} 34. f3 {[%clk 00:01:05]}
{[%emt 00:01:30]} 1/2-1/2

[Event "ODJM A 2023"]
[Site "Willingen GER"]
[Date "2023.06.02"]
[Round "8"]
[White "Hoffmann, Kay"]
[Black "Melde, Benjamin"]
[Result "1-0"]
[Termination "normal"]
[Board "10"]
[WhiteElo "1805"]
[BlackElo "2135"]
[WhiteClock "00:47:36"]
[BlackClock "00:09:17"]
[PlyCount "49"]
[WhiteFideId "16227000"]
[BlackFideId "12958816"]
[EventCountry "GER"]
[EventRounds "9"]
[EventType "swiss"]
[EventDate "2023.05.27"]

1. d4 {[%clk 01:30:58]} {[%emt 00:00:02]} Nf6 {[%clk 01:30:55]} {[%emt
00:00:05]} 2. c4 {[%clk 01:31:25]} {[%emt 00:00:04]} g6 {[%clk 01:31:22]}
{[%emt 00:00:04]} 3. Nc3 {[%clk 01:31:51]} {[%emt 00:00:04]} Bg7 {[%clk
01:31:49]} {[%emt 00:00:02]} 4. e4 {[%clk 01:32:16]} {[%emt 00:00:04]} d6
{[%clk 01:32:16]} {[%emt 00:00:03]} 5. h3 {[%clk 01:32:42]} {[%emt 00:00:04]}
O-O {[%clk 01:32:42]} {[%emt 00:00:05]} 6. Be3 {[%clk 01:33:09]} {[%emt
00:00:02]} Nbd7 {[%clk 01:28:49]} {[%emt 00:04:24]} 7. Qd2 {[%clk 01:32:56]}
{[%emt 00:00:42]} c5 {[%clk 01:27:10]} {[%emt 00:02:09]} 8. d5 {[%clk
01:32:54]} {[%emt 00:00:32]} b5 {[%clk 01:27:34]} {[%emt 00:00:06]} 9. cxb5
{[%clk 01:31:43]} {[%emt 00:01:41]} a6 {[%clk 01:27:41]} {[%emt 00:00:23]} 10.
Bh6 {[%clk 01:28:40]} {[%emt 00:03:33]} Bxh6 {[%clk 01:20:50]} {[%emt
00:07:21]} 11. Qxh6 {[%clk 01:28:51]} {[%emt 00:00:19]} Qa5 {[%clk 01:21:00]}
{[%emt 00:00:20]} 12. h4 {[%clk 01:15:53]} {[%emt 00:13:27]} Nxe4 {[%clk
00:42:26]} {[%emt 00:39:05]} 13. Rc1 {[%clk 01:15:30]} {[%emt 00:00:53]} Ne5
{[%clk 00:35:18]} {[%emt 00:07:38]} 14. Be2 {[%clk 01:10:51]} {[%emt 00:05:09]}
Nf6 {[%clk 00:22:29]} {[%emt 00:13:19]} 15. f3 {[%clk 00:58:51]} e6 {[%clk
00:19:32]} {[%emt 00:18:51]} 16. Nh3 {[%emt 00:01:54]} exd5 {[%clk 00:19:58]}
17. Kf1 {[%clk 00:52:37]} {[%emt 00:02:31]} Bxh3 {[%clk 00:18:46]} {[%emt
00:01:40]} 18. Rxh3 {[%clk 00:52:59]} {[%emt 00:00:09]} d4 {[%clk 00:18:48]}
{[%emt 00:00:28]} 19. Ne4 {[%clk 00:51:46]} {[%emt 00:01:43]} Nxe4 {[%clk
00:19:13]} {[%emt 00:00:05]} 20. fxe4 {[%clk 00:52:12]} {[%emt 00:00:04]} f5
{[%clk 00:19:35]} {[%emt 00:00:09]} 21. h5 {[%clk 00:51:34]} {[%emt 00:01:08]}
fxe4+ {[%clk 00:11:34]} {[%emt 00:08:30]} 22. Kg1 {[%clk 00:51:58]} {[%emt
00:00:06]} Qc7 {[%clk 00:11:49]} {[%emt 00:00:16]} 23. hxg6 {[%clk 00:51:35]}
{[%emt 00:00:53]} hxg6 {[%clk 00:08:53]} {[%emt 00:03:26]} 24. Qh8+ {[%clk
00:47:11]} {[%emt 00:04:54]} Kf7 {[%clk 00:09:17]} {[%emt 00:00:06]} 25. Qh7+
{[%clk 00:47:36]} {[%emt 00:00:05]} 1-0

[Event "ODJM A 2023"]
[Site "Willingen GER"]
[Date "2023.06.02"]
[Round "8"]
[White "Kieselbach, Marvin"]
[Black "Deschler, Arne"]
[Result "1/2-1/2"]
[Termination "normal"]
[Board "11"]
[WhiteElo "1850"]
[BlackElo "1767"]
[WhiteClock "00:11:24"]
[BlackClock "00:21:04"]
[PlyCount "50"]
[WhiteFideId "16235770"]
[BlackFideId "16274415"]
[EventCountry "GER"]
[EventRounds "9"]
[EventType "swiss"]
[EventDate "2023.05.27"]

1. e4 {[%clk 01:30:58]} {[%emt 00:00:02]} c6 {[%clk 01:30:56]} {[%emt
00:00:06]} 2. Nf3 {[%clk 01:31:22]} {[%emt 00:00:05]} d5 {[%clk 01:31:22]}
{[%emt 00:00:05]} 3. d3 {[%clk 01:31:47]} {[%emt 00:00:05]} Bg4 {[%clk
01:31:44]} {[%emt 00:00:07]} 4. h3 {[%clk 01:32:11]} {[%emt 00:00:06]} Bxf3
{[%clk 01:32:09]} {[%emt 00:00:05]} 5. Qxf3 {[%clk 01:32:34]} {[%emt 00:00:07]}
e6 {[%clk 01:32:34]} {[%emt 00:00:05]} 6. g3 {[%clk 01:32:44]} {[%emt
00:00:20]} Bd6 {[%clk 01:30:11]} {[%emt 00:02:52]} 7. Bg2 {[%clk 01:31:52]}
{[%emt 00:01:22]} Nd7 {[%clk 01:30:16]} {[%emt 00:00:26]} 8. Qe2 {[%clk
01:30:10]} {[%emt 00:02:10]} Ne7 {[%clk 01:27:34]} {[%emt 00:03:12]} 9. O-O
{[%clk 01:26:25]} {[%emt 00:04:15]} O-O {[%clk 01:23:38]} {[%emt 00:04:26]} 10.
Nd2 {[%clk 01:23:04]} {[%emt 00:03:49]} Qb6 {[%clk 01:15:33]} {[%emt 00:08:36]}
11. Nf3 {[%clk 01:17:08]} {[%emt 00:06:26]} Rac8 {[%clk 01:04:50]} {[%emt
00:11:15]} 12. b3 {[%clk 00:42:23]} {[%emt 00:35:14]} Rfd8 {[%clk 00:51:56]}
{[%emt 00:13:23]} 13. Kh2 {[%clk 00:36:13]} {[%emt 00:06:40]} Ne5 {[%clk
00:47:33]} {[%emt 00:04:54]} 14. Bb2 {[%clk 00:30:17]} {[%emt 00:10:16]} Nxf3+
{[%clk 00:44:30]} 15. Bxf3 {[%clk 00:30:31]} c5 {[%clk 00:41:45]} {[%emt
00:03:14]} 16. c4 {[%clk 00:28:51]} {[%emt 00:02:09]} dxc4 {[%clk 00:39:00]}
{[%emt 00:03:15]} 17. dxc4 {[%clk 00:29:01]} {[%emt 00:00:19]} Nc6 {[%clk
00:37:45]} {[%emt 00:01:46]} 18. e5 {[%clk 00:26:16]} {[%emt 00:03:15]} Be7
{[%clk 00:36:24]} {[%emt 00:01:51]} 19. Bxc6 {[%clk 00:21:13]} {[%emt
00:05:33]} Qxc6 {[%clk 00:36:35]} {[%emt 00:00:18]} 20. Rad1 {[%clk 00:21:14]}
{[%emt 00:00:28]} Rc7 {[%clk 00:31:16]} {[%emt 00:05:51]} 21. Rxd8+ {[%clk
00:18:55]} {[%emt 00:02:49]} Bxd8 {[%clk 00:28:57]} {[%emt 00:02:49]} 22. Rd1
{[%clk 00:16:44]} {[%emt 00:02:41]} Rd7 {[%clk 00:29:12]} {[%emt 00:00:15]} 23.
Rd3 {[%clk 00:16:41]} {[%emt 00:00:32]} Kf8 {[%clk 00:26:53]} {[%emt 00:02:50]}
24. Qd1 {[%clk 00:13:26]} {[%emt 00:03:44]} Ke8 {[%clk 00:21:54]} {[%emt
00:05:30]} 25. Rxd7 {[%clk 00:11:24]} {[%emt 00:02:33]} Qxd7 {[%clk 00:21:04]}
{[%emt 00:01:19]} 1/2-1/2

[Event "ODJM A 2023"]
[Site "Willingen GER"]
[Date "2023.06.02"]
[Round "8"]
[White "Gold, Florian"]
[Black "Longo, Massimo"]
[Result "0-1"]
[Termination "normal"]
[Board "13"]
[WhiteElo "1841"]
[BlackElo "1890"]
[WhiteClock "00:02:46"]
[BlackClock "00:07:20"]
[PlyCount "104"]
[WhiteFideId "16220536"]
[BlackFideId "16205227"]
[EventCountry "GER"]
[EventRounds "9"]
[EventType "swiss"]
[EventDate "2023.05.27"]

1. d4 {[%clk 01:30:57]} {[%emt 00:00:02]} e6 {[%clk 01:30:55]} {[%emt
00:00:07]} 2. c4 {[%clk 01:31:24]} {[%emt 00:00:02]} b6 {[%clk 01:31:19]}
{[%emt 00:00:08]} 3. Nc3 {[%clk 01:31:50]} {[%emt 00:00:02]} Bb4 {[%clk
01:31:41]} {[%emt 00:00:09]} 4. e4 {[%clk 01:32:12]} {[%emt 00:00:07]} Bb7
{[%clk 01:31:57]} {[%emt 00:00:14]} 5. f3 {[%clk 01:32:39]} {[%emt 00:00:03]}
Bxc3+ {[%clk 01:32:04]} {[%emt 00:00:24]} 6. bxc3 {[%clk 01:33:04]} {[%emt
00:00:05]} d6 {[%clk 01:32:16]} {[%emt 00:00:17]} 7. Nh3 {[%clk 01:33:23]}
{[%emt 00:00:12]} Qh4+ {[%clk 01:30:59]} {[%emt 00:01:47]} 8. g3 {[%clk
01:33:20]} {[%emt 00:00:32]} Qe7 {[%clk 01:31:18]} {[%emt 00:00:10]} 9. Qa4+
{[%clk 01:32:25]} {[%emt 00:01:26]} Nd7 {[%clk 01:30:05]} {[%emt 00:01:43]} 10.
Bd3 {[%clk 01:26:51]} {[%emt 00:06:04]} Ngf6 {[%clk 01:24:33]} {[%emt
00:06:01]} 11. O-O {[%clk 01:21:54]} {[%emt 00:05:29]} O-O {[%clk 01:24:27]}
{[%emt 00:00:35]} 12. Bd2 {[%clk 01:12:59]} {[%emt 00:09:25]} e5 {[%clk
01:22:19]} {[%emt 00:02:39]} 13. Rae1 {[%clk 01:10:08]} {[%emt 00:03:20]} Nb8
{[%clk 01:16:43]} {[%emt 00:06:06]} 14. f4 {[%clk 01:01:35]} {[%emt 00:09:03]}
Qd7 {[%clk 01:08:32]} {[%emt 00:08:41]} 15. Qxd7 {[%clk 01:00:09]} {[%emt
00:01:56]} Nfxd7 {[%clk 01:07:20]} {[%emt 00:01:42]} 16. Ng5 {[%clk 00:48:16]}
{[%emt 00:12:23]} Nc6 {[%clk 01:05:53]} {[%emt 00:01:57]} 17. Nf3 {[%clk
00:48:33]} {[%emt 00:00:13]} Ba6 {[%clk 01:01:40]} {[%emt 00:04:42]} 18. Be3
{[%clk 00:46:31]} {[%emt 00:02:31]} Na5 {[%clk 01:00:53]} {[%emt 00:01:18]} 19.
Nd2 {[%clk 00:45:14]} {[%emt 00:01:47]} f6 {[%clk 00:55:33]} {[%emt 00:05:50]}
20. Rf2 {[%clk 00:39:44]} {[%emt 00:05:59]} Rfe8 {[%clk 00:51:24]} {[%emt
00:04:40]} 21. Bf1 {[%clk 00:34:35]} {[%emt 00:10:38]} Re7 22. h4 {[%clk
00:23:54]} {[%emt 00:06:59]} Rae8 {[%clk 00:49:19]} {[%emt 00:02:18]} 23. d5
{[%clk 00:15:36]} {[%emt 00:08:48]} exf4 {[%clk 00:44:16]} {[%emt 00:05:33]}
24. gxf4 {[%clk 00:16:02]} {[%emt 00:00:03]} f5 {[%clk 00:44:32]} {[%emt
00:00:15]} 25. Bd4 {[%clk 00:14:36]} {[%emt 00:01:55]} fxe4 {[%clk 00:44:14]}
{[%emt 00:00:48]} 26. Re3 {[%clk 00:13:16]} {[%emt 00:01:51]} c5 {[%clk
00:35:06]} {[%emt 00:09:39]} 27. dxc6 {[%clk 00:13:45]} {[%emt 00:00:01]} Nxc6
{[%clk 00:35:27]} {[%emt 00:00:08]} 28. Rfe2 {[%clk 00:11:42]} {[%emt
00:02:32]} Nxd4 {[%clk 00:33:52]} {[%emt 00:02:05]} 29. cxd4 {[%clk 00:12:11]}
{[%emt 00:00:02]} d5 {[%clk 00:33:42]} {[%emt 00:00:39]} 30. Re1 {[%clk
00:12:34]} {[%emt 00:00:07]} Nf6 {[%clk 00:28:01]} {[%emt 00:06:11]} 31. cxd5
{[%clk 00:11:58]} {[%emt 00:01:06]} Bxf1 {[%clk 00:27:46]} {[%emt 00:00:46]}
32. d6 {[%clk 00:12:24]} {[%emt 00:00:03]} Re6 {[%clk 00:24:15]} {[%emt
00:04:00]} 33. Kxf1 {[%clk 00:12:34]} {[%emt 00:00:21]} Rxd6 {[%clk 00:23:36]}
{[%emt 00:01:10]} 34. Nxe4 {[%clk 00:12:56]} {[%emt 00:00:07]} Nxe4 {[%clk
00:23:06]} {[%emt 00:01:00]} 35. Rxe4 {[%clk 00:13:25]} {[%emt 00:00:02]} Red8
{[%clk 00:21:24]} {[%emt 00:02:11]} 36. Rd1 {[%clk 00:13:26]} {[%emt 00:00:30]}
Rh6 {[%clk 00:19:45]} {[%emt 00:02:09]} 37. f5 {[%clk 00:11:39]} {[%emt
00:02:17]} Rd5 {[%clk 00:19:41]} {[%emt 00:00:34]} 38. Re5 {[%clk 00:11:15]}
{[%emt 00:00:56]} Rhd6 {[%clk 00:19:45]} {[%emt 00:00:25]} 39. Rxd5 {[%clk
00:11:25]} {[%emt 00:00:20]} Rxd5 {[%clk 00:20:07]} {[%emt 00:00:08]} 40. Ke2
{[%clk 00:11:31]} {[%emt 00:00:24]} Rxf5 {[%clk 00:18:41]} {[%emt 00:01:55]}
41. Ke3 {[%clk 00:09:14]} {[%emt 00:02:47]} Rh5 {[%clk 00:18:39]} {[%emt
00:00:31]} 42. d5 {[%clk 00:09:07]} {[%emt 00:00:37]} Kf7 {[%clk 00:18:49]}
{[%emt 00:00:20]} 43. Rd4 {[%clk 00:08:40]} {[%emt 00:00:57]} Ke7 {[%clk
00:18:19]} {[%emt 00:01:01]} 44. Kd3 {[%clk 00:06:30]} {[%emt 00:02:40]} Kd6
{[%clk 00:18:10]} {[%emt 00:00:39]} 45. Kc4 {[%clk 00:06:14]} {[%emt 00:00:47]}
a6 {[%clk 00:12:01]} {[%emt 00:06:40]} 46. Rg4 {[%clk 00:06:01]} {[%emt
00:00:42]} g6 {[%clk 00:11:34]} {[%emt 00:00:57]} 47. Rf4 {[%clk 00:06:16]}
{[%emt 00:00:15]} Rf5 {[%clk 00:06:11]} {[%emt 00:05:52]} 48. Rxf5 {[%clk
00:03:23]} {[%emt 00:03:24]} gxf5 {[%clk 00:06:31]} {[%emt 00:00:11]} 49. h5
{[%clk 00:03:06]} {[%emt 00:00:46]} h6 {[%clk 00:06:36]} {[%emt 00:00:26]} 50.
a4 {[%clk 00:01:53]} {[%emt 00:01:43]} b5+ {[%clk 00:06:57]} {[%emt 00:00:08]}
51. axb5 {[%clk 00:02:21]} {[%emt 00:00:03]} axb5+ {[%clk 00:07:21]} {[%emt
00:00:06]} 52. Kd4 {[%clk 00:02:46]} {[%emt 00:00:05]} b4 {[%clk 00:07:20]}
{[%emt 00:00:31]} 0-1

[Event "ODJM A 2023"]
[Site "Willingen GER"]
[Date "2023.06.02"]
[Round "8"]
[White "Köhler, Lukas"]
[Black "Menzel, Maximilian"]
[Result "1-0"]
[Termination "normal"]
[Board "14"]
[WhiteElo "2078"]
[BlackElo "1855"]
[WhiteClock "00:01:52"]
[BlackClock "00:01:43"]
[PlyCount "77"]
[WhiteFideId "16221990"]
[BlackFideId "34617280"]
[EventCountry "GER"]
[EventRounds "9"]
[EventType "swiss"]
[EventDate "2023.05.27"]

1. e4 {[%clk 01:30:57]} {[%emt 00:00:02]} c6 {[%clk 01:14:59]} {[%emt
00:01:22]} 2. Nc3 {[%clk 01:31:09]} {[%emt 00:00:18]} d5 {[%clk 01:15:23]}
{[%emt 00:00:06]} 3. Nf3 {[%clk 01:31:29]} {[%emt 00:00:10]} Bg4 {[%clk
01:15:47]} {[%emt 00:00:05]} 4. h3 {[%clk 01:31:42]} {[%emt 00:00:18]} Bxf3
{[%clk 01:16:11]} {[%emt 00:00:07]} 5. Qxf3 {[%clk 01:32:06]} {[%emt 00:00:06]}
Nf6 {[%clk 01:16:36]} {[%emt 00:00:05]} 6. d3 {[%clk 01:32:27]} {[%emt
00:00:09]} e6 {[%clk 01:17:01]} {[%emt 00:00:05]} 7. Bd2 {[%clk 01:32:45]}
{[%emt 00:00:12]} Bb4 {[%clk 01:05:13]} {[%emt 00:12:18]} 8. a3 {[%clk
01:32:57]} {[%emt 00:00:19]} Ba5 {[%clk 01:02:49]} {[%emt 00:02:53]} 9. g4
{[%clk 01:30:43]} {[%emt 00:02:44]} d4 {[%clk 00:55:22]} {[%emt 00:07:58]} 10.
Nb1 {[%clk 01:30:40]} {[%emt 00:00:32]} Bxd2+ {[%clk 00:45:28]} {[%emt
00:10:24]} 11. Nxd2 {[%clk 01:28:41]} {[%emt 00:02:28]} e5 {[%clk 00:42:38]}
{[%emt 00:03:21]} 12. h4 {[%clk 01:22:23]} {[%emt 00:06:48]} Na6 {[%clk
00:35:15]} {[%emt 00:07:53]} 13. Bh3 {[%clk 01:17:57]} {[%emt 00:04:55]} Nc5
{[%clk 00:32:46]} {[%emt 00:03:00]} 14. g5 {[%clk 01:13:44]} {[%emt 00:04:42]}
Nfd7 {[%clk 00:32:48]} {[%emt 00:00:28]} 15. Qg3 {[%clk 01:12:06]} {[%emt
00:02:08]} Qc7 {[%clk 00:23:17]} {[%emt 00:10:02]} 16. O-O {[%clk 01:02:25]}
{[%emt 00:10:10]} O-O-O {[%clk 00:15:28]} {[%emt 00:08:19]} 17. f4 {[%clk
00:58:28]} {[%emt 00:04:27]} exf4 {[%clk 00:13:02]} {[%emt 00:02:55]} 18. Qxf4
{[%clk 00:55:48]} {[%emt 00:08:37]} f6 19. gxf6 {[%clk 00:40:24]} {[%emt
00:12:17]} gxf6 {[%clk 00:11:50]} {[%emt 00:00:22]} 20. b4 {[%clk 00:29:07]}
{[%emt 00:11:47]} Na4 {[%clk 00:11:29]} {[%emt 00:00:50]} 21. Qxc7+ {[%clk
00:26:24]} {[%emt 00:03:14]} Kxc7 {[%clk 00:11:56]} {[%emt 00:00:02]} 22. Bxd7
{[%clk 00:26:33]} {[%emt 00:00:21]} Rxd7 {[%clk 00:12:22]} {[%emt 00:00:04]}
23. Rxf6 {[%clk 00:25:56]} {[%emt 00:01:06]} Rg8+ {[%clk 00:11:32]} {[%emt
00:01:21]} 24. Kh2 {[%clk 00:25:06]} {[%emt 00:01:20]} Rdg7 {[%clk 00:10:33]}
{[%emt 00:01:31]} 25. Rf2 {[%clk 00:25:17]} {[%emt 00:00:18]} Nb6 {[%clk
00:06:44]} {[%emt 00:04:20]} 26. Nf3 {[%clk 00:21:43]} {[%emt 00:04:03]} Nd7
{[%clk 00:04:16]} {[%emt 00:02:59]} 27. Nxd4 {[%clk 00:19:17]} {[%emt
00:02:55]} Rg4 {[%clk 00:04:06]} {[%emt 00:00:40]} 28. Nf5 {[%clk 00:16:54]}
{[%emt 00:02:53]} Ne5 {[%clk 00:04:12]} {[%emt 00:00:25]} 29. Kh3 {[%clk
00:14:31]} {[%emt 00:02:51]} Kb6 {[%clk 00:04:07]} {[%emt 00:00:36]} 30. Re1
{[%clk 00:12:46]} {[%emt 00:02:14]} Kb5 {[%clk 00:03:29]} {[%emt 00:01:10]} 31.
Nh6 {[%clk 00:04:10]} {[%emt 00:09:05]} Rg3+ {[%clk 00:02:45]} {[%emt
00:01:16]} 32. Kh2 {[%clk 00:04:37]} {[%emt 00:00:01]} R8g6 {[%clk 00:02:44]}
{[%emt 00:00:32]} 33. Rf5 {[%clk 00:04:16]} {[%emt 00:00:50]} Rg2+ {[%clk
00:02:43]} {[%emt 00:00:32]} 34. Kh1 {[%clk 00:04:44]} {[%emt 00:00:02]} Rd2
{[%clk 00:00:49]} {[%emt 00:02:23]} 35. Rxe5+ {[%clk 00:04:35]} {[%emt
00:00:39]} Kb6 {[%clk 00:01:15]} {[%emt 00:00:05]} 36. Nf5 {[%clk 00:03:03]}
{[%emt 00:02:00]} Rgg2 {[%clk 00:01:08]} {[%emt 00:00:38]} 37. Ne3 {[%clk
00:03:08]} {[%emt 00:00:25]} Rh2+ {[%clk 00:01:33]} {[%emt 00:00:06]} 38. Kg1
{[%clk 00:03:34]} {[%emt 00:00:03]} Kc7 {[%clk 00:01:43]} {[%emt 00:00:21]} 39.
Rg5 {[%clk 00:01:52]} {[%emt 00:02:11]} 1-0